Регионална библиотека "Любен Каравелов" - Русе

Разговор с мумия (Запис номер 32497)

MARC детайли
000 -Лидер
Контролно поле с фиксирана дължина 01430nam a2200361 c 4500
003 - Код на организацията, давaща контролен номер
Контролно поле BLK
005 - Дата и час на последна редакция
Контролно поле 20230913005129.0
008 - Елементи от данни с фиксирана дължина
fixed length control field 180407b bul|||||r ||||||| ||bul||
010 ## - Наследен системен номер
LC control number KNG00035168000
020 ## - Международен стандартен номер на книга ISBN
Международен стандартен номер на книга ISBN 954-528-220-7
040 ## - Източник на каталожния запис
Идентификатор на билиотеката - собственик на записа BLK
041 ## - Код за език
Код за езика на текст/звукозапис или на отделно заглавие Български
Код за езика КДБФ Български
080 ## - УДК
Текстов определител УДК Американска литература (на САЩ)
УДК код - определител по УДК 821.111(73)
УДК определител -32
УДК - код + определител 821.111(73)-32
100 1# - Редна дума - Автор
Автор По, Едгар Алан
Авторска отговорност първи автор
R(LIN) 272331
139 ## - Редно поле
Редна дума По, Едгар Алан
Авторски знак По - П 62
245 10 - Сведения за заглавието
Заглавие Разговор с мумия
Подзаглавни данни Разкази
Редно поле (дума) Едгар Алан По; прев. от англ. Александър Бояджиев; състав. Огняна Иванова.
257 ## - Страна на издаване
Страна на създаване/издаване Съединени американски щати
260 ## - Област на издателските данни
Име на издателя, разпространителя и проч. Труд
Година на издаване 2001
Печатница София : Миско принт ЕООД
300 ## - Физическа характеристика
Страници 400 с.
Размери/Мащаб 20 см
380 ## - Жанр
Жанр Худож. лит.
490 1# - СЕРИИ (Колекции)
Име на серия Световна класика
490 1# - СЕРИИ (Колекции)
Име на серия Детектив
500 ## - Общи забележки
Забележка Ориг. загл. Prose / Edgar Allan Poe. - Други прев. Б. Дамянов, Б. Миндов, М. Попова, Св. Христова.
700 1# - Други автори (авторска отговорност)
Лично име Бояджиев, Александър
Автороска отговорност (Описва отношението между автора и произведението) прев. от англ.
9 (RLIN) 244728
700 ## - Други автори (авторска отговорност)
Лично име Иванова, Огняна Начева
Дати, свързани с автора 1947-
9 (RLIN) 369792
852 ## - Местоположение
Форматна сигнатура Цб 207412
856 4# - Електронен адрес и достъп
Електронен формат pdf - файл
856 4# - Електронен адрес и достъп
Електронен формат pdf - файл
999 ## - СИСТЕМНИ КОНТРОЛНИ НОМЕРА
Koha biblionumber 32497
Koha biblioitemnumber 32497
942 ## - АРТИКУЛИ
Вид на библиотечния материал Книги
Скрит в OPAC Не
944 ## - СЪЗДАВАНЕ И РЕДАКЦИЯ на ЗАПИСА
Създаване/Редакция Създаване
Дата на регистрацията/редакция 24.03.2003
Служител, извършил регистрацията/редакцията
Статус, дата на статуса CRON CRON
944 ## - СЪЗДАВАНЕ И РЕДАКЦИЯ на ЗАПИСА
Създаване/Редакция Редакция
Дата на регистрацията/редакция 24.03.2003
999 ## - СИСТЕМНИ КОНТРОЛНИ НОМЕРА
Koha biblioitemnumber 32497
Наличности
Код за отписване Код за изгубен артикул Източник на класификационната схема Код за повреда Коз за рестрикции Код за отдаване Артикулен № Име на библиотеката - собственик Име на библиотеката, в която се намира в момента Статус (Текущо местоположение) Дата на вписване в системата Местоположение - отдел Цена в лева Инвентарен номер Систематично азбучна сигнатура Баркод Номер на екземпляра Цена в евро Служебна бележка Служебен тип на артикула
Изтеглен Не е изгубен Universal Decimal Classification Не е повреден без рестрикции заемане за дома 51960 Регионална библиотека "Любен Каравелов" Русе Регионална библиотека "Любен Каравелов" Русе Заемна - подръчен фонд 2001-01-01 Заемна - подръчен фонд 7.00 662003 П 820(73)-32/П 62 662003 1 3.58 Дост: Pk Вид: Ф N: стар фонд Дата: 01.01.2001 Книги
  Не е изгубен Universal Decimal Classification Не е повреден само за читалня ползва се в читалня 51961 Регионална библиотека "Любен Каравелов" Русе Регионална библиотека "Любен Каравелов" Русе Хранилище 2001-01-01 Хранилище 6.99 664805 Цб 207412 120000664805 2 3.57 Дост: Dp Вид: Д N: 17 Дата: 01.01.2001 Книги
Vip Innovations Ltd, Rousse, Bulgaria 2025